1379 1257 1956 1563 1113 1284 1919 1475 1785 1179 1518 1642 1947 1936 1991 1979 1811 1294 1489 1339 1789 1242 1297 1198 1004 1070 1100 1607 1353 1026 1809 1712 1240 1386 1864 1331 1348 1360 1290 1727 1937 1817 1509 1084 1966 1205 1115 1393 1924 1084 1504 1439 1989 1498 1357 1574 1021 1332 1814 1392 1527 1553 1514 1998 1726 1224 1497 1082 1462 1766 1805 1113 1730 1355 1862 1322 1344 1031 1822 1296 1110 1778 1183 1094 1439 1464 1199 1069 1022 1472 1172 1273 1670 1375 1332 1039 1190 1051 1677 BCNSPRNW ULIB Ver.6.0+V

เปลี่ยนเป็นภาษาไทย

Change to English
 แสดงรายละเอียดบรรณานุกรม
  กลับหน้าหลัก

Brief Record : Get Marc (ISO 2709) : E-mail record : QR code < ปิดหน้าต่าง
LEADER : 00000nam 2200000uu 4500
001    13399125504
003     ULIB
008    170614s2559||||th 000 0 tha d
020    ^a9786163447609
060  4 ^aWJ342^bป554ด
100 0  ^aปาริชาติ ชมบุญ.
245 10 ^aดูแลไตวาย ฟอกไต เปลียนไต/^cปาริชาติ ชมบุญ.
250    ^aพิมพ์ครั้งที่ 1.
260    ^aกรุงเทพฯ :^bFeel good Publishing,^c2559.
300    ^a192 หน้า :^bภาพประกอบ,.
650  4 ^aดูแลไตวาย^xการรักษา.
650  0 ^aไตวายเรื้อรัง^xการรักษา
945    ^p0^l0^i002261
945    ^p0^l0^i002262
945    ^p0^l0^i002263
945    ^p0^l0^i002264
945    ^p0^l0^i002265
945    ^p0^l0^i002266
945    ^p0^l0^i002267
945    ^p0^l0^i002268
945    ^p0^l0^i002269
945    ^p0^l0^i002270
999    ^aวรรณษา ชูชัยมงคล
รายการนี้ยังไม่มีแท็ก
คุณยังไม่ได้ล็อกอิน คุณสามารถมีกิจกรรมร่วมกับเว็บไซต์ได้ แต่ต้องล็อกอินก่อน ::
  ล็อกอิน

รายการสื่อสารสนเทศ

ลำดับที่ ประเภท เลขเรียก/บาร์โค้ด สถานที่ สถานะ
1. วิทยาศาสตร์การแพทย์ และสุขภาพ
วิทยาศาสตร์การแพทย์ และสุขภาพ
สถานะ=หนังสือเก่า
WJ342 ป554ด ฉ.1 
  Barcode: 002261
ห้องสมุดวิทยาเขตสวรรค์ประชารักษ์
►ส่วนจัดเก็บหนังสือเก่า สปร
บนชั้น
  ขอยืม
2. วิทยาศาสตร์การแพทย์ และสุขภาพ
วิทยาศาสตร์การแพทย์ และสุขภาพ
สถานะ=หนังสือเก่า
WJ342 ป554ด ฉ.10 
  Barcode: 002270
ห้องสมุดวิทยาเขตสวรรค์ประชารักษ์
►ส่วนจัดเก็บหนังสือเก่า สปร
บนชั้น
  ขอยืม
3. วิทยาศาสตร์การแพทย์ และสุขภาพ
วิทยาศาสตร์การแพทย์ และสุขภาพ
สถานะ=หนังสือเก่า
WJ342 ป554ด ฉ.2 
  Barcode: 002262
ห้องสมุดวิทยาเขตสวรรค์ประชารักษ์
►ส่วนจัดเก็บหนังสือเก่า สปร
บนชั้น
  ขอยืม
4. วิทยาศาสตร์การแพทย์ และสุขภาพ
วิทยาศาสตร์การแพทย์ และสุขภาพ
WJ342 ป554ด ฉ.3 
  Barcode: 002263
ห้องสมุดวิทยาเขตสวรรค์ประชารักษ์
►หนังสือทั่วไป
บนชั้น
5. วิทยาศาสตร์การแพทย์ และสุขภาพ
วิทยาศาสตร์การแพทย์ และสุขภาพ
สถานะ=หนังสือเก่า
WJ342 ป554ด ฉ.4 
  Barcode: 002264
ห้องสมุดวิทยาเขตสวรรค์ประชารักษ์
►ส่วนจัดเก็บหนังสือเก่า สปร
บนชั้น
  ขอยืม
6. วิทยาศาสตร์การแพทย์ และสุขภาพ
วิทยาศาสตร์การแพทย์ และสุขภาพ
สถานะ=หนังสือเก่า
WJ342 ป554ด ฉ.5 
  Barcode: 002265
ห้องสมุดวิทยาเขตสวรรค์ประชารักษ์
►ส่วนจัดเก็บหนังสือเก่า สปร
บนชั้น
  ขอยืม
7. วิทยาศาสตร์การแพทย์ และสุขภาพ
วิทยาศาสตร์การแพทย์ และสุขภาพ
สถานะ=หนังสือเก่า
WJ342 ป554ด ฉ.6 
  Barcode: 002266
ห้องสมุดวิทยาเขตสวรรค์ประชารักษ์
►ส่วนจัดเก็บหนังสือเก่า สปร
บนชั้น
  ขอยืม
8. วิทยาศาสตร์การแพทย์ และสุขภาพ
วิทยาศาสตร์การแพทย์ และสุขภาพ
สถานะ=หนังสือเก่า
WJ342 ป554ด ฉ.7 
  Barcode: 002267
ห้องสมุดวิทยาเขตสวรรค์ประชารักษ์
►ส่วนจัดเก็บหนังสือเก่า สปร
บนชั้น
  ขอยืม
9. วิทยาศาสตร์การแพทย์ และสุขภาพ
วิทยาศาสตร์การแพทย์ และสุขภาพ
สถานะ=หนังสือเก่า
WJ342 ป554ด ฉ.8 
  Barcode: 002268
ห้องสมุดวิทยาเขตสวรรค์ประชารักษ์
►ส่วนจัดเก็บหนังสือเก่า สปร
บนชั้น
  ขอยืม
10. วิทยาศาสตร์การแพทย์ และสุขภาพ
วิทยาศาสตร์การแพทย์ และสุขภาพ
สถานะ=หนังสือเก่า
WJ342 ป554ด ฉ.9 
  Barcode: 002269
ห้องสมุดวิทยาเขตสวรรค์ประชารักษ์
►ส่วนจัดเก็บหนังสือเก่า สปร
บนชั้น
  ขอยืม

BibComment


ยังไม่เคยถูกคอมเมนท์

คอมเมนท์ทรัพยากรรายการนี้
  คอมเมนท์: ดูแลไตวาย ฟอกไต ..


 Copyright 2026. Bcnsprnw @Library